| 000 | 00418nam a2200169 a 4500 | ||
|---|---|---|---|
| 001 | 5845 | ||
| 003 | CDMR | ||
| 005 | 20131025124840.0 | ||
| 008 | 130220s2006||||||||||||||||||||||||||||d | ||
| 040 |
_aCDMR _bcat _cCDMR |
||
| 100 | 1 |
_aBarea, Arturo _92869 |
|
| 245 | 1 | 3 |
_aLa ruta _cArturo Barea |
| 260 |
_aBarcelona _bDebolsillo _c2006 |
||
| 300 |
_a345 p. ; _c19 cm |
||
| 490 | 0 |
_aLa forja de un rebelde _v2 |
|
| 942 |
_cMON _2udc |
||
| 999 |
_c5845 _d5845 |
||